Lectoescritura: 5-6 años
Guardat en:
| Autors principals: | , |
|---|---|
| Format: | Llibre |
| Idioma: | espanyol |
| Publicat: |
Barcelona
Vicens Vives
2004
|
| Edició: | 1a. ed |
| Col·lecció: | La Luna de Papel, 6
|
| Matèries: | |
| Etiquetes: |
Afegir etiqueta
Sense etiquetes, Sigues el primer a etiquetar aquest registre!
|
MARC
| LEADER | 00000nam a2200000 a 4500 | ||
|---|---|---|---|
| 001 | UCI9887 | ||
| 003 | CL-VaPUC | ||
| 008 | 081212e20040000SP |||||||||||||||||spa|d | ||
| 020 | |a 8431675691 | ||
| 082 | 0 | 4 | |a 372.412 |b ROD |2 21 |
| 100 | 0 | |a Rodríguez Jordana, María del Carmen |e author |9 533901 | |
| 700 | 0 | |a Moreno Roig, María Dolores |e author |9 533902 | |
| 245 | 1 | 0 | |a Lectoescritura: 5-6 años |
| 250 | |a 1a. ed | ||
| 300 | |a 30 p | ||
| 942 | |c BK | ||
| 945 | |d 20081212 00:00:00 |a jtorresc | ||
| 260 | |a Barcelona |b Vicens Vives |c 2004 | ||
| 650 | 0 | |a Enseñanza de la lectura |9 308364 | |
| 650 | 7 | |a MATERIAL DIDACTICO |2 CL-VaPUC |9 533903 | |
| 650 | 0 | |a Métodos de enseñanza |9 270413 | |
| 650 | 7 | |a EDUCACION INFANTIL |2 CL-VaPUC |9 533904 | |
| 650 | 0 | |a Lectura |9 307634 | |
| 583 | |a last modification |c 20081212 00:00:00 |k Rodrigo Vera | ||
| 490 | 0 | |a La Luna de Papel, 6 | |
| 999 | |c 332334 |d 332332 | ||
| 952 | |0 0 |1 0 |4 0 |6 372_412000000000000_ROD_2004 |7 0 |8 A |9 419944 |a BIBEDU |b BIBEDU |d 2019-11-22 |i 4505719 |o 372.412 ROD 2004 |p 4505719 |r 2019-11-22 |w 2019-11-22 |y BK |k EBA | ||